000 00376pam a2200157a 44500
008 230515b1999 xxu||||| |||| 00| 0 eng d
020 _aNULL
041 _aENG
082 _a610.73
100 _aErica koch williams & s c Bushong
245 _aPatient care
250 _a0
260 _aNULL
_b"Mc Graws hill books company, nd, "
_c1999
300 _a147
650 _aN.D.
999 _c522512
_d522512